000 00913cam a22002893a 4500
001 12025
003 PGUSA
005 20140828083243.0
008 040401s2004||||xxu|||||s|||||000 | eng d
040 _aPGUSA
_beng
042 _adc
050 4 _aPE
245 1 0 _aEnglish Prose :
_bA Series of Related Essays for the Discussion and Practice of the Art of Writing
_h[electronic resource]
260 _bProject Gutenberg,
_c2004
506 _aPublic domain in the USA.
516 _aElectronic text
653 _aEnglish language -- Rhetoric
653 _aReaders
653 _aReport writing -- Problems, exercises, etc.
653 _aEnglish language -- Style
653 _aEnglish prose literature
700 1 _aRoe, Frederick William,
_d1874-
700 1 _aElliott, George Roy,
_d1883-1963
830 0 _aProject Gutenberg
_v12025
856 4 0 _uhttp://www.gutenberg.org/ebooks/12025
942 _cEB
999 _c241280
_d241280